| 000 | 02177nab a2200241 a 4500 | ||
|---|---|---|---|
| 005 | 20250924063920.0 | ||
| 008 | 991125c2018 sp fr p o 000 0 spa d | ||
| 035 | _aUPN01000225727 | ||
| 040 |
_aUPN _bspa _cUPN _eaacr2 |
||
| 049 | _aART-E | ||
| 100 | 1 |
_aRomero-García, Manuel Ángel _6- maanrogar@gmail.com |
|
| 245 | 1 | 0 |
_aUso de las TIC por la inspección educativa en Andalucía _h[recurso electrónico en línea] |
| 506 | 0 | _aAcceso abierto | |
| 520 | 3 | _aEl objetivo de este artículo es analizar el marco en el que se produce la integración de las TIC por parte de la Inspección Educativa en Andalucía. Inicialmente se realiza un resumen de las principales actuaciones del Plan de Inspección en Andalucía, así como de los recursos tecnológicos que integra. Seguidamente se compara ello con los indicadores de la Memoria de Inspección. A continuación, se muestran parte de los resultados obtenidos en una investigación de carácter descriptivo cuantitativo sobre el uso de los medios tecnológicos previstos en el Plan de Inspección para el curso 2016/2017. Finalmente se proponen una serie de conclusiones e implicaciones, entre las que destacan que la integración de los recursos tecnológicos está favoreciendo el desarrollo de las atribuciones de la Inspección educativa. No obstante, también se evidencia una escasa supervisión sobre el adecuado uso de recursos tecnológicos y plataformas educativas (Séneca, PASEN, etc) por parte del profesorado y responsables de la orientación educativa. Así mismo, tampoco se aprecia una correlación directa entre los planteamientos que propician la inclusión de las TIC en las guías de las diferentes actuaciones del Plan de Inspección y los aspectos que se valoran en la Memoria de Inspección. | |
| 650 | 4 |
_aTecnologías de la información y comunicación _921219 |
|
| 653 | 0 | _aInspección educativa | |
| 653 | 0 | _aPlataforma educativa | |
| 653 | 0 | _aCompetencia digital | |
| 773 |
_gVol. 7, no. 1 (2018 ), p. 275-296 _tEdmetic : revista de educación mediática y tic _x2254-0059 |
||
| 856 | 4 | _uhttps://journals.uco.es/index.php/edmetic/article/view/9969 | |
| 905 | _aArticulo | ||
| 942 | _cART-E | ||
| 999 |
_c197823 _d197823 |
||